000 00293nam a2200121Ia 4500
008 190216s9999||||xx |||||||||||||| ||und||
100 _a"Selvaraj C,"
245 0 _aMicro Economics - Introduction Xii
260 _bNcrt - Newdelhi
_c2003
300 _a160
650 _aEconomics
942 _cREF
999 _c36703
_d36703